Statistics for Most Livable Countries

Click here to take the quiz!

General Stats

  • This quiz has been taken 216 times
  • The average score is 18 of 20

Answer Stats

RankContinentCountry% Correct
2OceaniaAustralia
96%
9North AmericaCanada
96%
13EuropeSweden
96%
8North AmericaUnited States
95%
1EuropeNorway
94%
6EuropeGermany
93%
19AsiaJapan
93%
10OceaniaNew Zealand
93%
3EuropeSwitzerland
93%
14EuropeUnited Kingdom
93%
20EuropeBelgium
92%
5EuropeNetherlands
90%
4EuropeDenmark
89%
7EuropeIreland
88%
11AsiaSingapore
85%
16AsiaSouth Korea
85%
15EuropeIceland
83%
18EuropeLuxembourg
83%
12EuropeLiechtenstein
73%
17AsiaIsrael
68%

Score Distribution

Percentile by Number Answered

Percent of People with Each Score

Your Score History

You have not taken this quiz